Social welfare planning in the context of national development plans (Record no. 495066)

000 -LEADER
fixed length control field 00437cam a22001097a 4500
008 - FIXED-LENGTH DATA ELEMENTS--GENERAL INFORMATION
fixed length control field 180718b1970 xxu||||| |||| 00| 0 eng d
082 ## - DEWEY DECIMAL CLASSIFICATION NUMBER
Classification number Q000 Un3
245 ## - TITLE STATEMENT
Title Social welfare planning in the context of national development plans
Statement of responsibility, etc. by Department of Economics and Social Affairs, United Nation
260 ## - PUBLICATION, DISTRIBUTION, ETC.
Place of publication, distribution, etc. New york
Name of publisher, distributor, etc. United Nations Publications
Date of publication, distribution, etc. 1970
300 ## - PHYSICAL DESCRIPTION
Extent 92p.
700 ## - ADDED ENTRY--PERSONAL NAME
Personal name United Nations. Department of Economics and Social Affairs
Holdings
Withdrawn status Lost status Damaged status Not for loan Permanent Location Current Location Date acquired Full call number Barcode Date last seen Price effective from Koha item type
        Indian Institute of Public Administration Indian Institute of Public Administration 2018-08-04 Q000 Un3 G10703 2018-08-04 2018-08-04 G

Powered by Koha